Government and research / (Record no. 6535)

MARC details
000 -LEADER
fixed length control field 00650nam a22002172 4500
001 - CONTROL NUMBER
control field 0000003808
005 - DATE AND TIME OF LATEST TRANSACTION
control field 20151217151934.0
008 - FIXED-LENGTH DATA ELEMENTS--GENERAL INFORMATION
fixed length control field 070515s xx 000 0 eng d
020 ## - INTERNATIONAL STANDARD BOOK NUMBER
International Standard Book Number 0435825089 :
040 ## - CATALOGING SOURCE
Original cataloging agency KABU
Transcribing agency KABU
050 #0 - LIBRARY OF CONGRESS CALL NUMBER
Classification number Q180
Item number .K64
100 1# - MAIN ENTRY--PERSONAL NAME
Personal name Kogan, Maurice.
-- 0000153985
245 10 - TITLE STATEMENT
Title Government and research /
Statement of responsibility, etc. Maurice Kogan and Mary Henkel.
260 ## - PUBLICATION, DISTRIBUTION, ETC. (IMPRINT)
Place of publication, distribution, etc. London :
Name of publisher, distributor, etc. Heinemann,
Date of publication, distribution, etc. 1983.
300 ## - PHYSICAL DESCRIPTION
Extent xi, 196 p.
650 #0 - SUBJECT ADDED ENTRY--TOPICAL TERM
Topical term or geographic name as entry element State encouragement of science, literature and art.
-- 0000153986
700 1# - ADDED ENTRY--PERSONAL NAME
Personal name Henkel, Mary.
-- 0000153987
908 ## - PUT COMMAND PARAMETER (RLIN)
Put command parameter 070515
950 ## - LOCAL HOLDINGS (RLIN)
-- 1
Holdings
Withdrawn status Lost status Source of classification or shelving scheme Not for loan Home library Current library Date acquired Total Checkouts Full call number Barcode Date last seen Price effective from Koha item type
    Library of Congress Classification   Kabarak, Main Campus Kabarak, Main Campus 17/12/2015   Q180 .K64 004611 17/12/2015 17/12/2015 General Collection
Designed with assistance from East African Informatics Ltd